[Event "WYCC U16 Open 2013"]
[Site "Al-Ain UAE"]
[Date "2013.12.28"]
[Round "11.22"]
[White "Stathopoulos, Ioannis"]
[Black "Petr, Jan2"]
[Result "1-0"]
[WhiteTitle "FM"]
[WhiteElo "2297"]
[BlackElo "2151"]
[WhiteFideId "4223098"]
[BlackFideId "345784"]
[EventDate "2013.12.18"]

1. d4 d5 2. c4 c6 3. Nf3 Nf6 4. Nc3 e6 5. e3 Nbd7 6. Qc2 Bd6 7. Bd3 O-O 8. O-O
dxc4 9. Bxc4 b5 10. Be2 Bb7 11. Rd1 Qe7 12. e4 e5 13. dxe5 Nxe5 14. Nd4 g6 15.
f4 Bc5 16. fxe5 Qxe5 17. Be3 Rfd8 18. Qd3 Bb6 19. Bf3 Rd7 20. Nce2 c5 21. Qxb5
Bxe4 22. Bf2 Qe8 23. Nc3 Rxd4 24. Qxe8+ Rxe8 25. Bxd4 cxd4 26. Nxe4 Nxe4 27. Kf1
f5 28. a4 a5 29. Rac1 Re6 30. Rc4 Kg7 31. b4 axb4 32. Rxb4 Kf6 33. g3 Rc6 34.
Rb5 Ba7 35. Ra5 Rc7 36. Be2 h5 37. Bd3 Kg7 38. Kg2 Kh6 39. Re1 Nc5 40. Bb1 Rb7
41. Rb5 Rd7 42. a5 h4 43. gxh4 Kh5 44. Rc1 d3 45. Rb4 Re7 46. Rd1 Re2+ 47. Kf1
Rc2 48. Bxc2 dxc2 49. Ra1 Nd3 50. Rc4 c1=Q+ 51. Rcxc1 Nxc1 52. Rxc1 Kxh4 53. a6
Kh3 54. Rc7 Bb6 55. a7 Bxa7 56. Rh7+ 1-0

[Event "WYCC U16 Open 2013"]
[Site "Al-Ain UAE"]
[Date "2013.12.28"]
[Round "11.23"]
[White "Kumsiashvili, Nikoloz"]
[Black "Petrosyan, Manuel"]
[Result "0-1"]
[BlackTitle "CM"]
[WhiteElo "2126"]
[BlackElo "2294"]
[WhiteFideId "13600621"]
[BlackFideId "13300857"]
[EventDate "2013.12.18"]

1. d4 Nf6 2. c4 e6 3. Nf3 c5 4. d5 b5 5. Bf4 d6 6. dxe6 fxe6 7. cxb5 a6 8. Nc3
axb5 9. Nxb5 e5 10. Bg3 Qa5+ 11. Nc3 Ne4 12. Qb3 Nc6 13. e3 Rb8 14. Bb5 Bd7 15.
Qa4 Qxa4 16. Bxa4 Nxg3 17. hxg3 Rxb2 18. Rd1 Rb4 19. Bb5 Be7 20. a4 Kf7 21. Nd5
Rg4 22. Nb6 Be8 23. Bc4+ Kf8 24. Nh4 Bd8 25. f3 Rxg3 26. Nc8 Na5 27. Kf2 Nxc4
28. Kxg3 Nxe3 29. Ra1 g5 30. Kf2 Nc2 31. Rad1 Nd4 32. Nxd6 gxh4 33. Nb7 Bb6 34.
a5 Ba7 35. Nd6 Bd7 36. Nc4 Be6 37. Nb6 Ke7 38. Rxh4 Kd6 39. Rh6 Bxb6 40. axb6
Rb8 41. Rb1 Rb7 42. g3 c4 43. f4 c3 44. fxe5+ Kd5 45. Rhh1 c2 46. Rb2 Kc4 0-1

[Event "WYCC U16 Open 2013"]
[Site "Al-Ain UAE"]
[Date "2013.12.28"]
[Round "11.24"]
[White "Cortes Orihuela, Javier"]
[Black "Stremavicius, Titas"]
[Result "1/2-1/2"]
[WhiteElo "2131"]
[BlackElo "2279"]
[WhiteFideId "3414329"]
[BlackFideId "12804444"]
[EventDate "2013.12.18"]

1. d4 f5 2. Nf3 Nf6 3. g3 g6 4. Bg2 Bg7 5. O-O O-O 6. b3 d6 7. Bb2 c6 8. c4 e5
9. dxe5 Ng4 10. Qd2 Nxe5 11. Nc3 Qe7 12. Rad1 Nxf3+ 13. Bxf3 Be5 14. Bg2 Na6 15.
f4 Bf6 16. e4 Qg7 17. Ba1 Re8 18. Rfe1 Be6 19. h3 Nc5 20. Qxd6 Bxc3 21. Qxc5
Bxa1 22. Rxa1 fxe4 23. Rad1 Qh6 24. Qg5 Qxg5 25. fxg5 Rad8 26. Rxd8 Rxd8 27.
Rxe4 Rd1+ 28. Kf2 Bf5 29. Re2 Kf7 30. g4 Bd3 31. Rb2 Ke6 32. Ke3 Bf1 33. Bxf1
Rxf1 34. Rh2 Ke5 35. h4 Rg1 36. Kf3 Rf1+ 37. Ke3 Rf4 38. Rg2 a5 39. h5 a4 40.
bxa4 Rxc4 41. Rb2 Rxg4 42. h6 Re4+ 43. Kd3 Rd4+ 44. Kc3 Rd7 45. Rf2 Ke6 46. Rf8
Kd6 47. Rg8 b6 48. Kb4 Rf7 49. Rg7 Rf4+ 50. Kb3 Rg4 51. Rxh7 Rxg5 52. Rh8 Rh5
53. h7 Kc5 54. Kc3 Rh3+ 55. Kd2 g5 56. Ke2 Kc4 57. Rc8 1/2-1/2

[Event "WYCC U16 Open 2013"]
[Site "Al-Ain UAE"]
[Date "2013.12.28"]
[Round "11.25"]
[White "Ali Marandi, Cemil Can"]
[Black "Ghvamberia, Nika"]
[Result "1-0"]
[WhiteTitle "IM"]
[WhiteElo "2391"]
[BlackElo "2086"]
[WhiteFideId "6300529"]
[BlackFideId "13602128"]
[EventDate "2013.12.18"]

1. e4 c5 2. Nf3 Nc6 3. c3 d5 4. exd5 Qxd5 5. d4 Nf6 6. Na3 Bg4 7. Be2 cxd4 8.
Nb5 O-O-O 9. Nbxd4 e5 10. Nxc6 Qxc6 11. Qc2 Bc5 12. O-O Rhe8 13. Ng5 Bxe2 14.
Qxe2 Re7 15. Be3 e4 16. Rad1 Rde8 17. Kh1 h6 18. Nh3 g5 19. Bd4 Bxd4 20. Rxd4
Kb8 21. Rfd1 Re6 22. Ng1 a6 23. a4 Qc5 24. Qe3 Qe5 25. h3 R6e7 26. Ne2 Nh5 27.
Rd5 Qc7 28. a5 Nf4 29. Rc5 Qxc5 30. Qxc5 Nxe2 31. Qd6+ Ka8 32. Qxh6 e3 33. fxe3
Ng3+ 34. Kh2 Ne4 35. Qb6 Re6 36. Rd8+ Rxd8 37. Qxd8+ Ka7 38. b4 g4 39. hxg4 Rh6+
40. Kg1 Re6 41. c4 f5 42. b5 axb5 43. cxb5 1-0

[Event "WYCC U16 Open 2013"]
[Site "Al-Ain UAE"]
[Date "2013.12.28"]
[Round "11.26"]
[White "Foo, William J"]
[Black "Bellahcene, Bilel"]
[Result "1/2-1/2"]
[BlackTitle "FM"]
[WhiteElo "2144"]
[BlackElo "2311"]
[WhiteFideId "419753"]
[BlackFideId "696358"]
[EventDate "2013.12.18"]

1. f4 g6 2. Nf3 d5 3. g3 Bg7 4. Bg2 c5 5. O-O Nc6 6. Nc3 Bg4 7. h3 Bxf3 8. Bxf3
e6 9. d3 Nge7 10. e4 O-O 11. Ne2 b5 12. c3 a5 13. e5 f5 14. Be3 Qb6 15. a4 Rfd8
16. axb5 Qxb5 17. Qa4 Qxd3 18. Bxc5 Bf8 19. Rad1 Qa6 20. b4 Qc4 21. Rd4 Nxd4 22.
Nxd4 Kf7 23. Rc1 axb4 24. Qxb4 Ra4 25. Qb6 Ra6 26. Qxd8 Qxc5 27. Be2 Ra4 28. Rd1
Qxc3 29. Nf3 h6 30. Qb6 Nc6 31. Qc7+ Be7 32. Rd3 Ra1+ 33. Kg2 Qc1 34. Rd1 Qe3
35. Rd2 Nd4 36. Qb6 Rg1+ 37. Nxg1 Qxd2 38. Qa6 g5 39. Qd3 Qb2 40. Kh1 Nc6 41.
Qa6 Qc1 42. Bh5+ Kg7 43. Qb7 gxf4 44. gxf4 Qxf4 45. Qxc6 Qxe5 46. Qe8 Qf6 47.
Nf3 Bd6 48. Nd4 Be7 49. Nc6 Qa1+ 50. Kg2 Qb2+ 51. Kf1 Qc1+ 52. Kg2 Qd2+ 53. Kf1
Qc1+ 54. Kg2 Qd2+ 1/2-1/2

[Event "WYCC U16 Open 2013"]
[Site "Al-Ain UAE"]
[Date "2013.12.28"]
[Round "11.27"]
[White "Enkhnar, Enkhbaatar"]
[Black "Tutisani, Noe"]
[Result "1-0"]
[WhiteElo "2309"]
[BlackElo "2120"]
[WhiteFideId "4900324"]
[BlackFideId "13602853"]
[EventDate "2013.12.18"]

1. Nf3 Nf6 2. c4 g6 3. g3 Bg7 4. Bg2 O-O 5. O-O c6 6. d4 d5 7. cxd5 cxd5 8. Nc3
Ne4 9. Nxe4 dxe4 10. Ne5 Nd7 11. Bxe4 Nxe5 12. dxe5 Bh3 13. Re1 Bxe5 14. Bh6
Bxb2 15. Bxf8 Bxa1 16. Bxb7 Bc3 17. Bxe7 Qxe7 18. Bxa8 Bxe1 19. Qxe1 Qa3 20. Qd2
a5 21. Bd5 Qc5 22. Bb3 Qf5 23. f3 Qb1+ 24. Qd1 Qb2 25. Kf2 a4 26. Bxa4 Qb6+ 27.
e3 Qb2+ 28. Qe2 Qa3 29. Bb3 Qc1 30. Bd1 Qa3 31. g4 Qd6 32. f4 f5 33. Qc4+ Kf8
34. Qd4 1-0

[Event "WYCC U16 Open 2013"]
[Site "Al-Ain UAE"]
[Date "2013.12.28"]
[Round "11.28"]
[White "Juhasz, Armin"]
[Black "Rohan, Ahuja"]
[Result "0-1"]
[WhiteElo "2272"]
[BlackElo "2128"]
[WhiteFideId "724270"]
[BlackFideId "5090598"]
[EventDate "2013.12.18"]

1. d4 Nf6 2. c4 g6 3. Nc3 d5 4. Bf4 Bg7 5. e3 O-O 6. Rc1 Be6 7. Qb3 c5 8. Qxb7
Qb6 9. Qxb6 axb6 10. Nf3 dxc4 11. dxc5 bxc5 12. Ng5 Bd5 13. Nxd5 Nxd5 14. Bxc4
Nxf4 15. exf4 Bxb2 16. Rc2 Bd4 17. O-O Nc6 18. Bd5 Ra6 19. Bxc6 Rxc6 20. Nf3 Rd6
21. Nd2 Ra8 22. Nb3 Rda6 23. Nxd4 cxd4 24. Rd2 Ra4 25. Re1 R8a7 26. g3 f6 27.
Re4 Rd7 28. Kg2 Kf7 29. Kf1 Rd5 30. Ke1 f5 31. Ree2 g5 32. fxg5 e5 33. f3 Ke6
34. Kf2 Rda5 35. h3 Kd5 36. g4 f4 37. Kg2 Ra3 38. h4 d3 39. Rf2 Kd4 40. Kh3 Rc3
41. h5 Rc1 42. Rh2 Ke3 43. Kh4 Re1 44. g6 hxg6 45. hxg6 Re2 46. Rb2 Rxh2+ 47.
Rxh2 d2 48. Rh1 Kxf3 49. Kg5 e4+ 50. Kf6 Ra6+ 51. Kf5 Rxg6 52. Rf1+ Ke2 53. Rxf4
d1=Q 54. Kxg6 e3 55. g5 Qd6+ 56. Kf7 Qd5+ 57. Kf6 Kd2 58. g6 e2 59. Rf2 Qd4+ 0-1

[Event "WYCC U16 Open 2013"]
[Site "Al-Ain UAE"]
[Date "2013.12.28"]
[Round "11.29"]
[White "Bilguun, Sumiya"]
[Black "Sokac, Marko"]
[Result "1/2-1/2"]
[WhiteTitle "FM"]
[WhiteElo "2270"]
[BlackElo "2038"]
[WhiteFideId "4901541"]
[BlackFideId "14531356"]
[EventDate "2013.12.18"]

1. e4 c5 2. Nf3 d6 3. d4 cxd4 4. Nxd4 Nf6 5. Nc3 a6 6. Be3 e6 7. f3 b5 8. g4 Bb7
9. Qd2 Nfd7 10. O-O-O Nb6 11. Qf2 N8d7 12. Bd3 Rc8 13. Kb1 Rxc3 14. bxc3 Qc7 15.
Ne2 Na4 16. Kc1 Be7 17. Kd2 O-O 18. Qg3 Rc8 19. Ke1 Ne5 20. Kf2 Nxc3 21. Nxc3
Qxc3 22. Kg2 d5 23. Bd2 Qc7 24. Rhe1 Bd6 25. Qf2 Qe7 26. Bc1 Bc5 27. Qg3 Bd6 28.
Qf2 Bc5 29. Be3 dxe4 30. Bxe4 Bxe4 31. Bxc5 Bxf3+ 32. Kf1 Qf6 33. Rd2 Nxg4 34.
Qd4 Bd5+ 35. Qxf6 Nxf6 36. Bd4 Bxa2 37. Bxf6 gxf6 38. Ra1 Bc4+ 39. Kf2 Rc6 40.
Rd8+ Kg7 41. Rg1+ Kh6 42. Rd4 Rc5 43. Rf4 Rg5 44. Rxf6+ Kg7 45. Rxf7+ Kxf7 46.
Rxg5 a5 1/2-1/2

[Event "WYCC U16 Open 2013"]
[Site "Al-Ain UAE"]
[Date "2013.12.28"]
[Round "11.30"]
[White "Hua, David A"]
[Black "Sultan, Ibrahim"]
[Result "1-0"]
[WhiteElo "2229"]
[BlackElo "1954"]
[WhiteFideId "2030047"]
[BlackFideId "9301143"]
[EventDate "2013.12.18"]

1. d4 d5 2. Nf3 Nf6 3. c4 c6 4. Nc3 e6 5. e3 Nbd7 6. Qc2 b6 7. Bd3 Bb7 8. O-O
Bd6 9. e4 dxe4 10. Nxe4 Nxe4 11. Bxe4 f5 12. Bg5 Nf6 13. Bd3 O-O 14. c5 Bc7 15.
Bc4 Qe8 16. Qxf5 Nd5 17. Qe4 h6 18. Bd2 Qh5 19. h3 Rae8 20. Rfe1 bxc5 21. dxc5
e5 22. Bd3 Nf6 23. Qg6 Qxg6 24. Bxg6 Re7 25. Bc3 Nd7 26. b4 Ba6 27. Be4 Rf6 28.
Nd2 Ref7 29. Bf3 Bd3 30. Ne4 Re6 31. Bg4 Ree7 32. Nd6 Bxd6 33. cxd6 Re8 34. Bxd7
Rxd7 35. Bxe5 Rb7 36. Bd4 Rxe1+ 37. Rxe1 Rxb4 38. d7 Rxd4 39. Re8+ Kh7 40. d8=Q
Rxd8 41. Rxd8 Bc4 42. Rd2 h5 43. f3 Bd5 44. Kf2 g6 45. a3 Kg7 46. Rd4 Kf6 47.
Ra4 c5 48. Rxa7 c4 49. Ke3 Kg5 50. Ra5 1-0

[Event "WYCC U16 Open 2013"]
[Site "Al-Ain UAE"]
[Date "2013.12.28"]
[Round "11.31"]
[White "Jarmula, Lukasz"]
[Black "Haavamae, Henrik"]
[Result "1-0"]
[WhiteElo "2213"]
[BlackElo "2023"]
[WhiteFideId "1160664"]
[BlackFideId "4502973"]
[EventDate "2013.12.18"]

1. e4 c5 2. Nf3 Nc6 3. Bb5 g6 4. Bxc6 bxc6 5. O-O Bg7 6. c3 Nf6 7. Re1 O-O 8. d4
cxd4 9. cxd4 d5 10. e5 Ne4 11. Nbd2 c5 12. dxc5 Nxc5 13. Qc2 Qb6 14. Nb3 Nxb3
15. Qxb3 Qxb3 16. axb3 f6 17. Bf4 Bd7 18. h4 e6 19. Ra6 Bc8 20. Rc6 f5 21. Rec1
a6 22. R1c3 Re8 23. Rc7 h6 24. Nd4 Bf8 25. Nc6 Kh8 26. Na7 Bb4 27. Rc1 g5 28.
hxg5 1-0

[Event "WYCC U16 Open 2013"]
[Site "Al-Ain UAE"]
[Date "2013.12.28"]
[Round "11.32"]
[White "Zakaryan, David"]
[Black "Dixit, Kumar"]
[Result "1-0"]
[WhiteElo "2196"]
[BlackElo "1951"]
[WhiteFideId "24101923"]
[BlackFideId "421103"]
[EventDate "2013.12.18"]

1. e4 c5 2. Nf3 e6 3. d4 cxd4 4. Nxd4 Nf6 5. Nc3 d6 6. Be3 a6 7. f3 b5 8. Qd2
Nbd7 9. g4 h6 10. h4 Bb7 11. Rg1 g6 12. g5 hxg5 13. hxg5 Ng8 14. O-O-O Rc8 15.
Bd3 Nc5 16. Kb1 b4 17. Nce2 d5 18. Qxb4 dxe4 19. Bxe4 Bxe4 20. fxe4 Nxe4 21.
Qa4+ Qd7 22. Qxa6 Ne7 23. Nb5 Nd5 24. Nf4 Rb8 25. Nxd5 exd5 26. Rxd5 Nc3+ 27.
Nxc3 1-0

[Event "WYCC U16 Open 2013"]
[Site "Al-Ain UAE"]
[Date "2013.12.28"]
[Round "11.33"]
[White "Wagdy, Andro"]
[Black "Naoum, Spyridon"]
[Result "0-1"]
[WhiteTitle "FM"]
[WhiteElo "2109"]
[BlackElo "2183"]
[WhiteFideId "10604413"]
[BlackFideId "4227506"]
[EventDate "2013.12.18"]

1. d4 Nf6 2. Nf3 g6 3. e3 Bg7 4. Bd3 d6 5. O-O O-O 6. c4 Nbd7 7. Nc3 b6 8. Rb1
e5 9. d5 Nh5 10. e4 h6 11. Bc2 Qe8 12. Re1 a6 13. b4 f5 14. Nd2 f4 15. f3 g5 16.
Bd3 Qg6 17. a4 Nhf6 18. Ba3 g4 19. Be2 h5 20. c5 Rf7 21. cxd6 cxd6 22. Nc4 Bf8
23. b5 Ne8 24. bxa6 Rxa6 25. a5 bxa5 26. fxg4 Rg7 27. g5 Qxg5 28. Bf3 Ndf6 29.
Rb8 Bg4 30. Kh1 Qh4 31. Rf1 Bxf3 32. gxf3 Qh3 33. Qe2 h4 34. Qf2 Kh7 35. Nxe5
dxe5 36. Bxf8 Rg8 37. Be7 Nh5 38. Bxh4 Rag6 39. Rb2 Nd6 40. Ra1 Nc4 41. Rb7+ Kh8
42. Ra2 Ne3 0-1

[Event "WYCC U16 Open 2013"]
[Site "Al-Ain UAE"]
[Date "2013.12.28"]
[Round "11.34"]
[White "Nikolov, Rumen"]
[Black "Chandran, Kapil"]
[Result "0-1"]
[WhiteElo "2023"]
[BlackElo "2171"]
[WhiteFideId "2911620"]
[BlackFideId "2034077"]
[EventDate "2013.12.18"]

1. e4 c5 2. Nf3 e6 3. d4 cxd4 4. Nxd4 a6 5. Bd3 Nf6 6. Qe2 e5 7. Nf5 g6 8. Ne3
d6 9. Nc3 Be6 10. O-O Bg7 11. f4 exf4 12. Ned5 O-O 13. Nxf4 Bg4 14. Qf2 Nc6 15.
h3 Be6 16. Be3 Ne5 17. Bb6 Qd7 18. Rad1 Qc6 19. Nfd5 Bxd5 20. exd5 Qc8 21. Bd4
Nfd7 22. Ne4 Qc7 23. c3 Rae8 24. Bb1 b5 25. b3 h6 26. Ng3 Nf6 27. Ne4 Nxe4 28.
Bxe4 Nd7 29. Bxg7 Kxg7 30. Qd4+ Ne5 31. Rc1 Rc8 32. Kh1 Qc5 33. Qd2 Rc7 34. Rf4
f5 35. Bb1 Re8 36. a4 Nf7 37. axb5 axb5 38. Rd4 Rce7 39. Bd3 Re5 40. Ra1 Rxd5
41. Bxb5 Rxd4 42. Qxd4+ Qxd4 43. cxd4 Re4 44. Rd1 Nd8 45. Kg1 Ne6 46. d5 Nc7 47.
Bc6 Kf6 48. Ra1 Ke5 49. Ra7 Nxd5 50. Rg7 Kf6 51. Rd7 Ke5 52. Rg7 g5 53. Rh7 Rb4
54. Bxd5 Kxd5 55. Rxh6 Rxb3 56. Rh5 Ke4 57. Rxg5 d5 58. Rg8 d4 59. Kf2 Rb2+ 60.
Ke1 d3 61. Re8+ Kf4 62. Rd8 Re2+ 63. Kd1 Rxg2 64. Rxd3 Rg3 65. Rd8 Ke3 66. Re8+
Kf3 67. Kd2 f4 68. Rf8 Rxh3 69. Ke1 Rh1+ 70. Kd2 Rf1 71. Rg8 Kf2 72. Rf8 f3 73.
Rg8 Re1 74. Rf8 Re7 75. Rg8 Kf1 76. Rg6 f2 77. Rg8 Rd7+ 78. Kc2 Rd5 79. Rf8 Rg5
80. Kd2 Kg2 0-1

[Event "WYCC U16 Open 2013"]
[Site "Al-Ain UAE"]
[Date "2013.12.28"]
[Round "11.35"]
[White "Markoja, Boris"]
[Black "Hui, Jeremy"]
[Result "1-0"]
[WhiteElo "2167"]
[BlackElo "1914"]
[WhiteFideId "14608502"]
[BlackFideId "2608987"]
[EventDate "2013.12.18"]

1. c4 c5 2. g3 g6 3. Bg2 Bg7 4. Nc3 Nc6 5. Nf3 Nf6 6. d4 O-O 7. dxc5 Qa5 8. O-O
Qxc5 9. b3 d6 10. h3 h6 11. Bd2 Qb6 12. e4 Bd7 13. Rc1 Rac8 14. Re1 Kh7 15. g4
Nd4 16. Nxd4 Qxd4 17. Be3 Qxd1 18. Rexd1 b6 19. a4 Bc6 20. Nb5 Bxb5 21. axb5 g5
22. e5 Ne8 23. exd6 Nxd6 24. Bc6 Be5 25. c5 bxc5 26. Bxc5 Rc7 27. Bxd6 Bxd6 28.
Rxd6 1-0

[Event "WYCC U16 Open 2013"]
[Site "Al-Ain UAE"]
[Date "2013.12.28"]
[Round "11.36"]
[White "Jumanov, Elbek"]
[Black "Gorbanovsky, Oleg"]
[Result "1-0"]
[WhiteElo "2019"]
[BlackElo "2147"]
[WhiteFideId "14202905"]
[BlackFideId "13903829"]
[EventDate "2013.12.18"]

1. c4 e5 2. g3 Nf6 3. Bg2 g6 4. Nc3 Bg7 5. Nf3 Nc6 6. O-O O-O 7. Rb1 a5 8. a3
Re8 9. b4 axb4 10. axb4 d6 11. b5 Nd4 12. d3 Bg4 13. e3 Nxf3+ 14. Bxf3 h5 15.
Bxg4 Nxg4 16. Qf3 e4 17. Nxe4 Ne5 18. Qd1 Nxc4 19. dxc4 Rxe4 20. Qd5 Re5 21.
Qxb7 Rc5 22. b6 cxb6 23. Rxb6 Rxc4 24. Rxd6 Qxd6 25. Qxa8+ Qf8 26. Qxf8+ Bxf8
27. Bb2 Bg7 28. Ba3 Bf8 29. Rc1 Ra4 30. Bb2 Bg7 31. Rc8+ Kh7 32. Bc1 h4 33. Kg2
Bf6 34. Rc6 Kg7 35. Bd2 hxg3 36. hxg3 Re4 37. Kf3 Re6 38. Rxe6 fxe6 39. Ke4 Kf7
40. f4 Bd8 41. g4 Bf6 42. Bb4 Bb2 43. Bc5 Bf6 44. Kd3 Ke8 45. Kc4 Kd7 46. e4 Bd8
47. Kb5 Bc7 48. e5 Bd8 49. g5 Bc7 50. Bb6 Bb8 51. Ka6 Kc8 52. Ba5 Bc7 53. Bxc7
Kxc7 54. Ka7 Kc6 55. Kb8 1-0

[Event "WYCC U16 Open 2013"]
[Site "Al-Ain UAE"]
[Date "2013.12.28"]
[Round "11.37"]
[White "Sosovicka, Matej"]
[Black "Huber, Martin Christian"]
[Result "1/2-1/2"]
[WhiteElo "2098"]
[BlackElo "2290"]
[WhiteFideId "14916770"]
[BlackFideId "1623435"]
[EventDate "2013.12.18"]

1. e4 c5 2. Nf3 e6 3. d4 cxd4 4. Nxd4 Nc6 5. Nb5 d6 6. c4 Nf6 7. N1c3 a6 8. Na3
b6 9. Be2 Bb7 10. O-O Be7 11. Be3 Ne5 12. f3 O-O 13. Qb3 Nfd7 14. Rfd1 Qc7 15.
Rd2 Rac8 16. Rc1 Rfe8 17. Qd1 Qb8 18. Kh1 d5 19. Nc2 dxc4 20. Rxd7 Nxd7 21. Qxd7
Bd6 22. Bxb6 Rc6 23. Ba5 Bxh2 24. Rd1 Rec8 25. Qd8+ Rxd8 26. Rxd8+ Qxd8 27. Bxd8
Bf4 28. Na3 Bc1 29. Nxc4 Bxb2 30. Nxb2 Rxc3 31. Bd3 Bc6 32. Bxa6 Rc2 33. Nd3
Rxa2 34. Nb4 Ra1+ 35. Kh2 Kf8 36. Bd3 Ba4 37. e5 Ke8 38. Bb6 Re1 39. Be4 h6 40.
Kg3 Re2 41. Bc5 Bb5 42. Nc2 Ba4 43. Nd4 Re1 44. Bd6 Rd1 45. Ne2 Rd2 46. Nf4 f5
47. Bb7 Kf7 48. Ba6 g5 49. Nd3 f4+ 50. Kh3 Bc2 51. Nc5 h5 52. Kh2 g4 53. fxg4
hxg4 54. Bb7 f3 55. Kg3 Rxg2+ 56. Kf4 Bf5 57. Ne4 Rb2 58. Ng5+ Kg6 59. Bxf3 gxf3
60. Nxf3 Bd3 61. Ke3 Bc4 62. Kd4 Bd5 63. Ne1 Re2 64. Nd3 Re4+ 65. Kc5 Rc4+ 66.
Kb5 Rd4 67. Nc5 Kf5 68. Kb6 Rh4 69. Kc7 Rh7+ 70. Kb6 Kf4 71. Nd3+ Ke4 72. Nb4
Rb7+ 73. Kc5 Bb3 74. Kc6 Rh7 75. Kb5 Rh1 76. Kc6 Kd4 77. Kb5 Rc1 78. Nc6+ Kd5
79. Nb8 Bd1 80. Kb6 Bf3 81. Kb5 Kd4 82. Kb6 Kc4 83. Kc7 Rb1 84. Kd7 Bd5 85. Na6
Rb7+ 86. Nc7 Kd4 87. Ke7 Ke4 88. Kf6 Rxc7 1/2-1/2

[Event "WYCC U16 Open 2013"]
[Site "Al-Ain UAE"]
[Date "2013.12.28"]
[Round "11.38"]
[White "Lo, Ryan"]
[Black "Dale, Ari"]
[Result "0-1"]
[BlackTitle "IM"]
[WhiteElo "2025"]
[BlackElo "2289"]
[WhiteFideId "2609088"]
[BlackFideId "3213145"]
[EventDate "2013.12.18"]

1. d4 Nf6 2. c4 g6 3. g3 c6 4. Bg2 d5 5. cxd5 cxd5 6. Nf3 Nc6 7. O-O Bg7 8. Ne5
Nxe5 9. dxe5 Ng4 10. Bxd5 Nxe5 11. Nc3 O-O 12. Qb3 Qa5 13. Rd1 Nc6 14. Be3 Nb4
15. Be4 Be6 16. Qa4 Qxa4 17. Nxa4 Rad8 18. a3 Nc6 19. Rxd8 Rxd8 20. Nc5 Bc8 21.
Rb1 f5 22. Bc2 Kf7 23. b4 b6 24. Nd3 Nd4 25. Bd1 Ba6 26. Rc1 Rd7 27. a4 Bb7 28.
b5 Bd5 29. Nb4 Be6 30. Kf1 Nb3 31. Rb1 Na5 32. Nc6 Ba2 33. Nxa5 Bxb1 34. Bb3+ e6
35. Nc6 Be4 36. a5 bxa5 0-1

[Event "WYCC U16 Open 2013"]
[Site "Al-Ain UAE"]
[Date "2013.12.28"]
[Round "11.39"]
[White "Abe, Mahiro"]
[Black "Carneiro, Vitor Roberto Castro"]
[Result "0-1"]
[BlackTitle "CM"]
[WhiteElo "2009"]
[BlackElo "2277"]
[WhiteFideId "7000235"]
[BlackFideId "2130106"]
[EventDate "2013.12.18"]

1. e4 c5 2. c3 Nf6 3. e5 Nd5 4. Nf3 e6 5. d4 cxd4 6. cxd4 b6 7. Bd3 Bb7 8. a3
Be7 9. O-O O-O 10. Nbd2 d6 11. Ne4 dxe5 12. dxe5 Nd7 13. Bg5 h6 14. Bxe7 Qxe7
15. Rc1 Rfd8 16. Qd2 Nc5 17. Nxc5 bxc5 18. Bb1 Rac8 19. Qc2 g6 20. Qa4 Ba8 21.
h4 Nb6 22. Qg4 Bxf3 23. gxf3 h5 24. Qg3 Rd2 25. Kh1 Rcd8 26. Rg1 R8d4 27. f4 Kh8
28. f3 Rxb2 29. Be4 Rdd2 30. Rgd1 c4 31. Rxd2 Rxd2 32. f5 exf5 33. Bxf5 Rd4 34.
Be4 Nd7 35. Re1 Qxe5 36. f4 Qf6 37. Qe3 Nc5 38. Bb1 Qxh4+ 39. Kg1 Qxf4 40. Qc1
Qg3+ 41. Kf1 Qf3+ 0-1

[Event "WYCC U16 Open 2013"]
[Site "Al-Ain UAE"]
[Date "2013.12.28"]
[Round "11.40"]
[White "Nuri, Murad"]
[Black "Lekic, Lazar"]
[Result "1-0"]
[WhiteElo "2250"]
[BlackElo "2071"]
[WhiteFideId "13404474"]
[BlackFideId "900052"]
[EventDate "2013.12.18"]

1. e4 c5 2. Nf3 e6 3. d4 cxd4 4. Nxd4 a6 5. c4 Qc7 6. Nc3 Nf6 7. Be2 Nc6 8. O-O
Bb4 9. Nxc6 dxc6 10. Qc2 e5 11. Na4 Be7 12. Be3 Be6 13. Nc5 O-O 14. Nxe6 fxe6
15. c5 Rfe8 16. Bc4 Bf8 17. b4 Kh8 18. f3 a5 19. a3 Qe7 20. Qb2 Nd7 21. Rad1
axb4 22. axb4 b6 23. Rd6 bxc5 24. bxc5 Qd8 25. Rxc6 Ra5 26. Rd1 Qa8 27. Rxe6
Nxc5 28. Rxe8 Qxe8 29. Qb6 Qa8 30. Rd8 Ra1+ 31. Kf2 1-0

[Event "WYCC U16 Open 2013"]
[Site "Al-Ain UAE"]
[Date "2013.12.28"]
[Round "11.41"]
[White "Hu, Bryan"]
[Black "Montilli, Vincenzo"]
[Result "1-0"]
[WhiteElo "2176"]
[BlackElo "2039"]
[WhiteFideId "2066327"]
[BlackFideId "883913"]
[EventDate "2013.12.18"]

1. d4 Nf6 2. c4 g6 3. Nc3 Bg7 4. e4 d6 5. Be2 O-O 6. Nf3 e5 7. O-O Nc6 8. d5 Ne7
9. b4 a5 10. Ba3 axb4 11. Bxb4 Nd7 12. a4 Bh6 13. Nd2 f5 14. Bf3 Kg7 15. Nb3 Nf6
16. c5 fxe4 17. cxd6 cxd6 18. Bxe4 Qb6 19. Ba3 Bd7 20. a5 Qc7 21. Bb2 b6 22. a6
Nxe4 23. Nxe4 Bb5 24. Re1 Kg8 25. Nd4 Bd7 26. Ne6 Bxe6 27. dxe6 Rfd8 28. Nf6+
Kh8 29. Nd7 Bg7 30. Rc1 Qa7 31. Qxd6 Nf5 32. Qd5 Ne7 33. Qe4 Qxa6 34. Ra1 Qc8
35. Nxb6 Rxa1 36. Nxc8 Rxe1+ 37. Qxe1 Rxc8 38. Bxe5 1-0

[Event "WYCC U16 Open 2013"]
[Site "Al-Ain UAE"]
[Date "2013.12.28"]
[Round "11.42"]
[White "Plotkin, Mark"]
[Black "Pomini, Aurelien"]
[Result "0-1"]
[WhiteElo "1992"]
[BlackElo "2165"]
[WhiteFideId "2611651"]
[BlackFideId "1320831"]
[EventDate "2013.12.18"]

1. e4 e5 2. Nf3 Nc6 3. Bc4 Nf6 4. d3 Bc5 5. Be3 Bb6 6. Nc3 d6 7. Bxb6 axb6 8. d4
Bg4 9. dxe5 Nxe5 10. Be2 Ng6 11. Nd4 Bd7 12. Qd2 O-O 13. f3 Nh5 14. g3 Nf6 15.
g4 Bc6 16. Nf5 Ra5 17. a4 Ne7 18. b4 Re5 19. b5 Bd7 20. Ne3 Be6 21. Rd1 Ng6 22.
Nf5 Bxf5 23. gxf5 Ne7 24. Rg1 Kh8 25. Qd4 Nc8 26. f4 Re7 27. Rd3 Ne8 28. Rdg3 f6
29. Bh5 c6 30. Rh3 d5 31. Bg6 h6 32. e5 Rd7 33. e6 Rd6 34. Rh5 Ne7 35. Bf7 Ng8
36. Rg6 c5 37. Qd3 Rxf7 38. exf7 Qe7+ 39. Ne2 Qxf7 40. Qh3 d4 41. Nc1 Nc7 42.
Nd3 Nd5 43. Qg3 Rd7 44. Ne5 Re7 45. Kf2 fxe5 46. fxe5 Nc3 47. Qf4 Qc4 48. Rh3
Qe2+ 49. Kg1 Rxe5 50. Rf3 Re4 51. Qg3 Qe1+ 52. Qxe1 Rxe1+ 53. Kf2 Re2+ 54. Kf1
Rxc2 55. Rxb6 c4 56. Rxb7 d3 57. Rd7 Nxa4 58. Rf2 Nc5 59. Rc7 Rc1+ 60. Kg2 Ne4
61. Rf1 d2 62. Rd7 c3 63. f6 Ngxf6 64. Rd8+ Kh7 65. b6 Rxf1 66. Kxf1 c2 67. b7
d1=Q+ 68. Rxd1 cxd1=Q+ 69. Kg2 0-1